000 00903nam a2200193 a 4500
001 BRCA_9021
005 20190320210509.0
008 240717s1652----sp-#######---#000-0#lat-#
041 _alat
084 _aLM57
_b.V54 1652
100 1 _aVigelii, Nicolai
_922370
245 1 0 _aNicolai Vigelij de Dreisa Hessorum, iurisconsulti Methodus iuris controuersi, in sex libros distincta, nunc denuo autore recognita, & vigintiquatuor authorum accessione aucta
_bcum ratione iuris controuersi cum iudicio legendi, & in iudicando sequendi, operi praefixa: accessit rerum ac verborum praecipueÌ memorabilium index...
260 _aMoguntiae
_bexcudebat Nicolaus Heyll sumptibus haeredum Ludouici Regis
_c1652
300 _a1227 p.
_c33 x 20.5 cm
500 _aEstado físico: presenta encuadernación en piel deteriorada
650 1 4 _aLey romana
_yObras anteriores a 1800
_922371
902 _aCFM
942 _2lcc
_cB
999 _c8672
_d8672